/القول الحق في البابية والبهائية والقاديانية والمهدية (Record no. 13942)
[ view plain ]
| 000 -الفاتح | |
|---|---|
| حقل البيانات ثابتة الطول | 00999nam a22002297a 4500 |
| 003 - محدد رقم الضبط | |
| رقم الضبط | EG-ScBUE |
| 005 - وقت وتاريخ اخر تعامل مع التسجيلة | |
| رقم الضبط | 20220831102621.0 |
| 008 - عناصر البيانات ثابتة الطول - معلومات عامة | |
| حقل البيانات ثابتة الطول | 100427s1986 ua|||||r|||| 000 0 ara d |
| 040 ## - مصدر الفهرسة | |
| وكالة الفهرسة الأصلية | EG-ScBUE |
| لغة الفهرسة | ara |
| قواعد الوصف | rda |
| وكالة النسخ | EG-ScBUE |
| وكالة التعديل | EG-ScBUE |
| 082 ## - رقم تصنيف ديوى العشرى | |
| رقم الطبعة | 22 |
| رقم التصنيف | 297.2 |
| رقم المادة | ط ي ر |
| 100 ## - المدخل الرئيسى - إسم شخصى | |
| 9 (RLIN) | 13704 |
| الإسم الشخصى | الطير، مصطفى محمد الحديدي |
| 245 ## - بيان العنوان | |
| العنوان | /القول الحق في البابية والبهائية والقاديانية والمهدية |
| بيان المسئوليه,etc | تأليف مصطفى محمد الحديدي الطير |
| 260 ## - PUBLICATION, DISTRIBUTION, ETC. (IMPRINT) | |
| مكان الناشر او الموزع | [القاهرة] : |
| اسم الناشر او الموزع | الدار المصرية اللبنانية ، 1986 |
| تاريخ النشر أو التوزيع | 1986 |
| 300 ## - الوصف المادى | |
| التعداد | 151 ص ؛ |
| أبعاد الوعاء | 20 سم |
| 500 ## - تبصرة عامة | |
| تبصرة عامة | إهداء: علاء عبد الغني |
| 650 ## - المدخل الاضافى بالموضوع-مصطلح موضوعى | |
| 9 (RLIN) | 13294 |
| مصطلح موضوعي أو اسم جغرافي كعنصر مدخل | الفرق الإسلامية |
| مصدر الرأس أو المصطلح | BUEsh |
| 650 ## - المدخل الاضافى بالموضوع-مصطلح موضوعى | |
| 9 (RLIN) | 13706 |
| مصطلح موضوعي أو اسم جغرافي كعنصر مدخل | البابية (فرق إسلامية) |
| مصدر الرأس أو المصطلح | BUEsh |
| 650 ## - المدخل الاضافى بالموضوع-مصطلح موضوعى | |
| 9 (RLIN) | 13707 |
| مصطلح موضوعي أو اسم جغرافي كعنصر مدخل | البهائية (فرق إسلامية) |
| مصدر الرأس أو المصطلح | BUEsh |
| 650 ## - المدخل الاضافى بالموضوع-مصطلح موضوعى | |
| 9 (RLIN) | 13708 |
| مصطلح موضوعي أو اسم جغرافي كعنصر مدخل | القاديانية (فرق إسلامية) |
| مصدر الرأس أو المصطلح | BUEsh |
| 651 ## - المدخل الاضافى بالموضوع - اسم جغرافى | |
| مصدر الرأس أو المصطلح | BUEsh |
| 942 ## - عناصر المدخل الإضافي( كوها) | |
| مصدر التصنيف او مخطط الترفيف | Dewey Decimal Classification |
| Koha [default] item type | Book - Borrowing |
| حالة التراجع | حالة الفقد | مصدر التصنيف او خطة الترفيف | حالة تلف | ليس للاعارة | مجموعات كوها | المكان الدائم | المكان الحالي | موقع الترفيف | تاريخ الاكتساب | Source of acquisition | رقم الاستدعاء | الباركود | Date last seen | مُعار | نوع الوعاء |
|---|---|---|---|---|---|---|---|---|---|---|---|---|---|---|---|
| Dewey Decimal Classification | Donation-Gift | Central Library | Central Library | Lower Floor | 27/04/2010 | Donation | 297.2 ط ي ر | 000020734 | 15/07/2025 | 14/10/2010 | Book - Borrowing |